000 00341nam a2200133Ia 4500
008 240624s9999 xx 000 0 und d
041 _aeng
082 _a320 SEN
100 _aSEN AMARTYA
245 _aINEQUALITY REEXAMINED
260 _c2008
_aNew Delhi
_bOxford University press
300 _axiv, : 207 : p. : cm. ; 21
365 _cRS
_b30
999 _c12853
_d12853